Design and build in timber frame (Record no. 63434)
[ view plain ]
| 000 -LEADER | |
|---|---|
| fixed length control field | 00685nam a2200145 a 4500 |
| 008 - FIXED-LENGTH DATA ELEMENTS--GENERAL INFORMATION | |
| fixed length control field | 120416s1987 ||||||||||||||||| || u |
| 050 ## - LIBRARY OF CONGRESS CALL NUMBER | |
| Classification number | TH 1101 Bur |
| 100 ## - MAIN ENTRY--PERSONAL NAME | |
| Personal name | Burchell, J |
| 245 10 - TITLE STATEMENT | |
| Title | Design and build in timber frame |
| 260 ## - PUBLICATION, DISTRIBUTION, ETC. | |
| Place of publication, distribution, etc. | Harlow |
| Name of publisher, distributor, etc. | Longman Scientific & Technical |
| Date of publication, distribution, etc. | 1987 |
| 300 ## - PHYSICAL DESCRIPTION | |
| Extent | [viii], 78p. : ill. |
| 350 ## - | |
| -- | 0.00 |
| 995 ## - | |
| -- | MAIN LIBRARY OPEN ACCESS |
| -- | 0.00 |
| -- | 722046 |
| -- | CBU-MAIN LIBRARY (Kitwe) |
| -- | 1 |
| -- | 30.80 |
| -- | TH 1101 Bur |
| -- | 1 |
| -- | AVAILABLE |
| -- | Jul 10, 2006 |
| -- | 015294 |
| -- | Main Library Open Access Collection |
| 995 ## - | |
| -- | MAIN LIBRARY OPEN ACCESS |
| -- | 0.00 |
| -- | 712327 |
| -- | CBU-MAIN LIBRARY (Kitwe) |
| -- | 2 |
| -- | 30.80 |
| -- | TH 1101 Bur |
| -- | 2 |
| -- | AVAILABLE |
| -- | Jul 17, 2006 |
| -- | 015295 |
| -- | Main Library Open Access Collection |
| 999 ## - | |
| -- | 63434 |
| -- | 63434 |
| Withdrawn status | Lost status | Source of classification or shelving scheme | Damaged status | Not for loan | Permanent Location | Current Location | Shelving location | Date acquired | Total Checkouts | Full call number | Barcode | Date last seen | Price effective from | Koha item type |
|---|---|---|---|---|---|---|---|---|---|---|---|---|---|---|
| CBU-MAIN LIBRARY, KITWE. | CBU-MAIN LIBRARY, KITWE. | 12/24/2022 | TH 1101 Bur | 015294 | 12/24/2022 | 12/24/2022 | MONOGRAPH | |||||||
| CBU-MAIN LIBRARY, KITWE. | CBU-MAIN LIBRARY, KITWE. | 12/24/2022 | TH 1101 Bur | 015295 | 12/24/2022 | 12/24/2022 | MONOGRAPH |